00313pab a2200133 454500008004000000100001600040245004900056260000900105300001000114362000800124650001900132650001100151773001700162180718b2000 xxu||||| |||| 00| 0 eng d aSen, Sankar aPolice accountability and civilian oversight c2000 ap.5-8 aOct aAccountability aPolice aCBI Bulletin